000 00422nam a2200157Ia 4500
005 20250403170538.0
008 231217s9999 xx 000 0 und d
020 _a9788131413281
082 _a338.436292 SEL;1 R
100 _aSelvan, Kalai N ed.
245 0 _aSCM in automotive industry : concepts and cases
260 _c2008
_bICFAI
_aHyderabad
300 _axiii, 286
650 _aSCM,automotive
942 _cAA
999 _c191333
_d191333